Uplatňovanie procesného prístupu vo vybranej organizácii

Uplatňovaniu procesného prístupu v realitnej agentúre. Cieľom príspevku je vybrať najvhodnejšie procesy a navrhnúť procesnú mapu, ktorá by bola pre predmetnú realitnú agentúru najprijateľnejšia. Procesný model podľa STN EN ISO 9001.

Salvato in:
Dettagli Bibliografici
Autore principale: Ivaničková, Mariana, 1977-
Altri autori: Mihalčová, Bohuslava, 1963-
Natura: Capitolo di libro
Lingua:slovacco
Soggetti:
Tags: Aggiungi Tag
Nessun Tag, puoi essere il primo ad aggiungerne!!

MARC

LEADER 00000nla a2200000 4500
001 0221227
005 20240502073632.6
041 0 |a slo 
044 |a SK 
245 1 0 |a Uplatňovanie procesného prístupu vo vybranej organizácii  |c Mariana Ivaničková, Bohuslava Mihalčová 
520 |a Uplatňovaniu procesného prístupu v realitnej agentúre. Cieľom príspevku je vybrať najvhodnejšie procesy a navrhnúť procesnú mapu, ktorá by bola pre predmetnú realitnú agentúru najprijateľnejšia. Procesný model podľa STN EN ISO 9001. 
610 2 0 |a agentúry 
610 2 0 |a procesy podnikové 
610 2 0 |a modely 
610 2 0 |a analýzy 
100 1 |a Ivaničková, Mariana, 1977- 
700 1 |a Mihalčová, Bohuslava, 1963-